000 00287nmm a2200097Ia 4500
008 220120s9999||||xx |||||||||||||||||und||
020 _a9-8141-2660-8
100 _aKotur, P.B
245 0 _aComputer concepts & C programming ; 100 tested C prog. to en
260 _aSapna book house
_bNew York
999 _c139448
_d139448